| 000 | 01361cam a2200217 4500 | ||
|---|---|---|---|
| 001 | ABS62663 | ||
| 008 | 000000n2000 000 0 eng u | ||
| 035 | _a(Sirsi) u107539 | ||
| 245 | _aJ A Pye (Oxford) Ltd and another v Graham and another | ||
| 260 | _c2000 | ||
| 490 |
_aWeekly Law Reports _v[2000] 3 WLR 242-272(31) |
||
| 520 | _aChD 4 February 2000. Plaintiff (P) granted (G) a written grazing licence in February 1983 but refused to renew it upon expiry in December 1983. G continued to use the land despite unanswered requests to renew licence. G registered cautions with Land Registry on basis of title by adverse possession. P issued summons seeking cancellation of cautions. G died in 1998. In 1999 P commenced proceedings against G's widow for possession of land on the grounds that G's willingness to accept new licence prevented time running for limitation period under Limitation Act 1980 s15(1) and whether proceedings seeking relief other than recovery of land stopped time running under s15(1) and 38(1) of the 1980 Act. Summons and action for possession dismissed. | ||
| 590 | _aABS | ||
| 650 | _aJA PYE (OXFORD) LTD V GRAHAM | ||
| 650 | _aADVERSE POSSESSION | ||
| 650 | _aEXTINGUISHMENT OF TITLE | ||
| 650 | _aLIMITATION ACT 1980 | ||
| 650 | _aGRAZING LICENCES | ||
| 690 | _aPROPERTY AND LAND LAW-CASE LAW | ||
| 942 | _n0 | ||
| 999 |
_c64276 _d64276 |
||